| 000 | aam a22 a 4500 | ||
|---|---|---|---|
| 999 |
_c74 _d74 |
||
| 003 | AKMAL | ||
| 005 | 20170413160015.0 | ||
| 008 | 101130r19811970myw 00 eng d | ||
| 040 | _aPNM | ||
| 082 | 0 | 4 | _a323.1595 |
| 090 | 0 | 0 |
_a323.1595 _bMAH |
| 100 | 0 |
_aMahathir Mohamad, _cTun, _d1925- _941 |
|
| 245 | 1 | 4 |
_aThe Malay dilemma / _cMahathir bin Mohamad |
| 260 |
_aKuala Lumpur : _bFederal Publication, _c1970 |
||
| 300 | 0 | 0 |
_a188p. ; _c22cm |
| 650 | 0 |
_aMalay race _xPolitics and government _9226 |
|
| 651 | 0 |
_aMalaysia _xRace relations _9227 |
|
| 942 |
_2ddc _cBOOK |
||